000 00356 a2200157 4500
001 75626
020 _a9788545102274
040 _cAnchieta - Colégio São Paulo
100 _aMota, António
240 1 0 _aO livro das adivinhas
_lpor
245 1 0 _aO livro das adivinhas
300 _a
362 0 _a2012
650 4 _aLiteratura infantil
942 _cBK
999 _c75626
_d75626